00272nam a2200097Ia 4500008004100000100002600041245003900067260004200106260000900148999001700157170620s9999 xx 000 0 und d aNarasaiah- M. Lakshmi 0aEducation and Economic Development bNew Delhi- Discovery Publishing House c2006 c24163d24163